Datum a čas kvízu
32
Celkem bodů
Celkový počet nahraných bodů na tomto kvízu bez doplňovacích otázek.
4.
Pořadí na kvízu
Konečné umístění týmu na tomto kvízu.
Zaznamenané odpovědi
| # | Otázka | Odpověď | Body | Výsledky |
|---|---|---|---|---|
| 1. | "Po ___ společných letech plný... | třiceti | 1 | |
| 2. | Parlament jednoho evropského s... | Spojené království (Velká Británie) | 1 | |
| 3. | Česká televize zveřejnila jmén... | Chili | 0 | |
| 4. | České vývojářské studio Warhor... | Kingdom Come: Deliverance | 0 | |
| 5. | Ligová fotbalová asociace zveř... | Chance | 1 | |
| 6. | Jihoafrická republika má de fa... | Kapské město; Bloemfontein | 0.5 | |
| 7. | Které evropské hlavní město se... | Oslo | 1 | |
| 8. | Nyní vám dáme na výběr, zda si... | Windhoek; Manila | 1 | |
| 9. | Které malebné a nepříliš lidna... | Lublaň | 0 | |
| 10. | Napište, které hlavní město (s... | Reykjavík; Wellington | 1 |